Catálogo
 En Linea

Mensajes y paliques de cometón / (Registro nro. 32967)

Detalles MARC
000 -CABECERA
campo de control de longitud fija 00431nam a2200133 a 4500
001 - NÚMERO DE CONTROL
campo de control 000033476
005 - FECHA Y HORA DE LA ÚLTIMA TRANSACCIÓN
campo de control 20200930070302.0
008 - DATOS DE LONGITUD FIJA--INFORMACIÓN GENERAL
campo de control de longitud fija 110830s19uu dr 000 0 spa d
040 ## - FUENTE DE LA CATALOGACIÓN
Centro catalogador/agencia de origen DO-SdBNP
Lengua de catalogación spa
Centro/agencia transcriptor BNPHU
100 1# - ENTRADA PRINCIPAL--NOMBRE DE PERSONA
Nombre de persona Álvarez, Máximo A.
9 (RLIN) 59004
245 10 - MENCIÓN DE TÍTULO
Título Mensajes y paliques de cometón /
Mención de responsabilidad, etc. Máximo A. Álvarez.
260 ## - PUBLICACIÓN, DISTRIBUCIÓN, ETC.
Lugar de publicación, distribución, etc. La Vega, República Dominicana :
Nombre del editor, distribuidor, etc. El Progreso de R. A. Ramos,
Fecha de publicación, distribución, etc. [194?].
300 ## - DESCRIPCIÓN FÍSICA
Extensión 26 p. ;
Dimensiones 23 cm.
Existencias
Estado de retiro Estado de pérdida Restricciones de uso No para préstamo Código de colección Localización permanente Ubicación/localización actual Ubicación en estantería Fecha de adquisición Número de inventario Total de préstamos Signatura topográfica completa Código de barras Fecha visto por última vez Precio válido a partir de Tipo de ítem Koha
      Excluido de préstamo Raros y valiosos Patrimonio Dominicano Patrimonio Dominicano En catalogación 30.08.2011 LF1   33476-10 25.06.2020 25.06.2020 No se presta

Con tecnología Koha